00410nam a2200169Ia 4500003000400000005001700004008004100021020001800062040000700080041000800087082002300095100002600118245002700144260004100171300001500212365001300227OSt20230516142238.0210423s2011 xx 000 0 und d a9788126530168 cAL aeng a574.192223b COOT aCOOPER (Terrance G). aTools of biochemistry. aNew DelhibWiley India Pvt Ltdc2011 axv,423bPB b549cINR